Technológia vzdelávania vedecko-pedagogický časopis
Uložené v:
| Médium: | Seriál |
|---|---|
| Jazyk: | English |
| Vydavateľské údaje: |
Nitra
SlovDidac
2013
|
| Predmet: | |
| Tagy: |
Žiadne tagy, Buďte prvý, kto otaguje tento záznam!
|
MARC
| LEADER | 00000nas2a2200000 4500 | ||
|---|---|---|---|
| 001 | 0239739 | ||
| 005 | 20180130134752.7 | ||
| 022 | |a 1335-003X | ||
| 041 | 0 | |a eng | |
| 044 | |a SK | ||
| 245 | 1 | 0 | |a Technológia vzdelávania |b vedecko-pedagogický časopis |
| 264 | 1 | |a Nitra |b SlovDidac |c 2013 | |
| 773 | 0 | |w eu_un_cat*s120245 | |
| 610 | 2 | 0 | |a vzdelávanie |
| 610 | 2 | 0 | |a politika školská |